[Event "World Blitz Women 2025"]
[Site "Doha QAT"]
[Date "2025.12.29"]
[Round "7.2"]
[White "Francisco Guecamburu, Candela Be"]
[Black "Danielian, Elina"]
[Result "1-0"]
[WhiteTitle "WGM"]
[BlackTitle "GM"]
[WhiteElo "2238"]
[BlackElo "2408"]
[WhiteFideId "160911"]
[BlackFideId "13300210"]
[EventDate "2025.12.29"]

1. e4 Nf6 2. e5 Nd5 3. d4 d6 4. Nf3 Nb6 5. a4 a5 6. Nc3 g6 7. exd6 cxd6 8. h3
Bg7 9. Bb5+ Bd7 10. O-O O-O 11. Re1 Bxb5 12. axb5 e6 13. Bg5 Qc7 14. Qc1 N8d7
15. Ne4 Rfc8 16. c3 Nd5 17. Bh6 N7f6 18. Bxg7 Kxg7 19. Qg5 h6 20. Qg3 Nxe4 21.
Rxe4 Nf6 22. Ree1 a4 23. Qf4 Qb6 24. Nh2 a3 25. Rxa3 Rxa3 26. bxa3 Rxc3 27. a4
Rc4 28. Nf3 Rxa4 29. Rc1 Ra8 30. Kh2 Rd8 31. Rb1 Rc8 32. Qd2 Rc4 33. Qd3 Qc7 34.
b6 Qc6 35. Qa3 Ne4 36. Rb2 Rc1 37. Qe3 d5 38. Ne5 Qc8 39. Qf4 Nf6 40. Rb3 Rd1
41. Rf3 Qd8 42. Ng4 Nxg4+ 43. Qxg4 Qe7 1-0

[Event "World Blitz Women 2025"]
[Site "Doha QAT"]
[Date "2025.12.29"]
[Round "7.3"]
[White "Muzychuk, Mariya"]
[Black "Yip, Carissa"]
[Result "1-0"]
[WhiteTitle "GM"]
[BlackTitle "IM"]
[WhiteElo "2475"]
[BlackElo "2459"]
[WhiteFideId "14114550"]
[BlackFideId "2090732"]
[EventDate "2025.12.29"]

1. e4 e5 2. Nf3 Nc6 3. Bc4 Bc5 4. c3 d6 5. d4 exd4 6. cxd4 Bb6 7. h3 Nf6 8. Nc3
h6 9. O-O O-O 10. e5 dxe5 11. dxe5 Qxd1 12. Rxd1 Nd7 13. e6 Nde5 14. Nxe5 Nxe5
15. exf7+ Kh8 16. Bb3 Bf5 17. Nd5 Nxf7 18. Nxb6 axb6 19. Bf4 c6 20. Re1 Bg6 21.
Re7 Rae8 22. Rae1 Rxe7 23. Rxe7 b5 24. Rxb7 Ng5 25. Be5 Bf7 26. Bxf7 Rxf7 27.
Rb8+ Kh7 28. Rc8 Re7 29. f4 Nf7 30. Rc7 Rxc7 31. Bxc7 Kg6 32. Kf2 Kf5 33. Kf3 h5
34. g4+ hxg4+ 35. hxg4+ Kf6 36. Ke4 g6 37. Kd4 Ke6 38. Kc5 Kd7 39. Be5 Nh6 40.
g5 Nf5 41. b3 Ng3 42. a4 bxa4 43. bxa4 Ne4+ 44. Kb6 c5 1-0

[Event "World Blitz Women 2025"]
[Site "Doha QAT"]
[Date "2025.12.29"]
[Round "7.4"]
[White "Zhu, Jiner"]
[Black "Buksa, Nataliya"]
[Result "1/2-1/2"]
[WhiteTitle "GM"]
[BlackTitle "IM"]
[WhiteElo "2579"]
[BlackElo "2397"]
[WhiteFideId "8608059"]
[BlackFideId "14123622"]
[EventDate "2025.12.29"]

1. d4 d5 2. c4 e6 3. Nc3 Nf6 4. Nf3 Nbd7 5. Bf4 dxc4 6. e3 b5 7. Nxb5 Bb4+ 8.
Nc3 Nd5 9. a3 Nxc3 10. Qd2 Nd5 11. axb4 Nxf4 12. exf4 Bb7 13. Ne5 Nb6 14. f3
Qh4+ 15. g3 Qd8 16. Be2 O-O 17. O-O Qd6 18. Nxc4 Nxc4 19. Bxc4 Rfd8 20. Rad1 Qb6
21. Kg2 Rd6 22. Be2 Rad8 23. Qc3 Rxd4 24. Rxd4 Rxd4 25. b5 h5 26. Rc1 Rd7 27. h4
a6 28. bxa6 Bxa6 29. Bxa6 Qxa6 30. Qe3 Qb5 31. Qf2 Qd3 32. Rc2 Qd1 33. Qe2 Qd4
34. Qb5 Qd1 35. Qe2 Qd4 36. Qe5 Qd1 37. Qe2 1/2-1/2

[Event "World Blitz Women 2025"]
[Site "Doha QAT"]
[Date "2025.12.29"]
[Round "7.5"]
[White "Muzychuk, Anna"]
[Black "Nurman, Alua"]
[Result "0-1"]
[WhiteTitle "GM"]
[BlackTitle "WGM"]
[WhiteElo "2518"]
[BlackElo "2367"]
[WhiteFideId "14111330"]
[BlackFideId "13729390"]
[EventDate "2025.12.29"]

1. e4 c5 2. Nf3 d6 3. Bb5+ Bd7 4. Bxd7+ Nxd7 5. c4 Ngf6 6. Nc3 Rc8 7. O-O e6 8.
Qe2 Be7 9. d4 cxd4 10. Nxd4 a6 11. a4 Qb6 12. Be3 Qc7 13. b3 O-O 14. Rac1 Nc5
15. Qc2 Rfe8 16. f3 Bf8 17. Bf2 g6 18. Rfd1 Bh6 19. Rb1 Ncd7 20. Nde2 Red8 21.
Qb2 Bg7 22. Qd2 Ne5 23. Bd4 h5 24. Qe3 Qc6 25. Rbc1 Kh7 26. Rc2 Bh6 27. Qf2 Ned7
28. Be3 Bg7 29. Nd4 Qc7 30. Rcc1 Nc5 31. Qc2 Qe7 32. Bg5 Bh6 33. Bxh6 Kxh6 34.
Qd2+ Kh7 35. Rb1 Ncd7 36. Re1 Ne5 37. Qg5 Rc5 38. Qe3 Rdc8 39. Rbd1 Ned7 40.
Nde2 R5c6 41. Rd2 Nc5 42. Rb1 Ncd7 43. Nd4 R6c7 44. Nde2 Nc5 45. Qd4 Rd8 46. Qe3
e5 47. Nc1 Ne6 48. N1e2 Rdc8 49. Nd5 Nxd5 50. Rxd5 Rc5 51. Rbd1 Rxd5 52. Rxd5
Nc7 53. Rd1 b5 54. cxb5 axb5 55. Nc3 bxa4 56. bxa4 Ra8 57. Qd3 0-1

[Event "World Blitz Women 2025"]
[Site "Doha QAT"]
[Date "2025.12.29"]
[Round "7.6"]
[White "Roebers, Eline"]
[Black "Khafizova, Diana"]
[Result "1-0"]
[WhiteTitle "IM"]
[BlackTitle "WFM"]
[WhiteElo "2396"]
[BlackElo "2234"]
[WhiteFideId "1058401"]
[BlackFideId "34378049"]
[EventDate "2025.12.29"]

1. e4 e5 2. f4 d5 3. exd5 exf4 4. Nf3 Bd6 5. d4 Nf6 6. c4 O-O 7. Be2 Re8 8. O-O
Bg4 9. Nc3 Nbd7 10. c5 Bf8 11. Bxf4 h6 12. Ne5 Bxe2 13. Qxe2 Nxe5 14. Bxe5 Nxd5
15. Qf3 Nf6 16. Bxf6 Qxf6 17. Qxf6 gxf6 18. Nd5 Red8 19. Rf5 Bg7 20. Nxc7 Rac8
21. Nb5 a6 22. Nd6 Rc7 23. Rd1 Re7 24. Rf3 Re2 25. Nxb7 Rxb2 26. Nxd8 1-0

[Event "World Blitz Women 2025"]
[Site "Doha QAT"]
[Date "2025.12.29"]
[Round "7.7"]
[White "Shukhman, Anna"]
[Black "Stefanova, Antoaneta"]
[Result "0-1"]
[WhiteTitle "WGM"]
[BlackTitle "GM"]
[WhiteElo "2431"]
[BlackElo "2391"]
[WhiteFideId "54180058"]
[BlackFideId "2902257"]
[EventDate "2025.12.29"]

1. e4 e5 2. Nc3 Nc6 3. Bc4 Nf6 4. d3 Na5 5. Nge2 Nxc4 6. dxc4 d6 7. Qd3 Be7 8.
h3 c6 9. Be3 a6 10. a4 a5 11. b3 Qc7 12. O-O O-O 13. Rad1 Re8 14. f4 Bf8 15. f5
b6 16. Bf2 Ba6 17. Qf3 h6 18. Bh4 Nh7 19. f6 g5 20. Be1 Re6 21. Ng3 Rxf6 22. Nf5
Bc8 23. Ne2 Bxf5 24. exf5 Rd8 25. Nc3 d5 26. cxd5 Bc5+ 27. Bf2 Bxf2+ 28. Qxf2
Rfd6 29. dxc6 Rxd1 30. Rxd1 Rxd1+ 31. Nxd1 Qxc6 32. Ne3 Nf6 33. Ng4 Nxg4 34.
hxg4 Kg7 35. Kh2 Qd6 36. Qe3 Kf6 37. c3 Qc6 38. Qd3 Ke7 39. b4 e4 40. Qe3 axb4
41. cxb4 Qd6+ 42. Kh1 Qxb4 43. Qg3 Qc5 44. Qb8 Qc1+ 45. Kh2 Qf4+ 0-1

[Event "World Blitz Women 2025"]
[Site "Doha QAT"]
[Date "2025.12.29"]
[Round "7.8"]
[White "Nurgaliyeva, Zarina"]
[Black "Arabidze, Meri"]
[Result "1-0"]
[WhiteTitle "WIM"]
[BlackTitle "IM"]
[WhiteElo "2305"]
[BlackElo "2413"]
[WhiteFideId "13730096"]
[BlackFideId "13604040"]
[EventDate "2025.12.29"]

1. e4 d6 2. d4 Nf6 3. Nc3 e5 4. Nf3 Nbd7 5. Bc4 Be7 6. O-O O-O 7. a4 c6 8. Re1
h6 9. h3 Re8 10. Ba2 exd4 11. Qxd4 Bf8 12. Qc4 d5 13. exd5 Rxe1+ 14. Nxe1 Nb6
15. Qd3 Nbxd5 16. Nxd5 cxd5 17. Nf3 Qa5 18. Bb3 Bc5 19. Be3 Bxe3 20. Qxe3 Bf5
21. Rd1 Re8 22. Qf4 Be4 23. Nd4 Bg6 24. c3 Qb6 25. Qc1 a6 26. Bc2 Bxc2 27. Qxc2
Re4 28. Nf5 Qe6 29. Ne3 Qc6 30. Nxd5 Qxa4 31. b3 Qe8 32. Nxf6+ gxf6 33. Qd2 Kg7
34. c4 Qe5 35. g3 Re2 36. Qd3 Re1+ 37. Rxe1 Qxe1+ 38. Kg2 Qb4 39. h4 a5 40. Kh3
b6 41. Kg4 Qc5 42. Kf3 Qb4 43. Qe3 Qd6 44. Kg4 Qc6 45. Kh5 f5 46. Qe5+ Kg8 47.
Qxf5 Kg7 48. Kg4 Qd6 49. Qf4 Qd3 50. Qe3 Qd7+ 51. Kf3 Qc6+ 52. Qe4 Qf6+ 53. Kg2
Qd6 54. Qe3 Qb4 55. Qd4+ Kg8 56. Qd8+ Kg7 57. Qd4+ Kg8 58. Qe3 Kg7 59. g4 Qd6
60. g5 hxg5 61. Qxg5+ Kf8 62. h5 Qc6+ 63. Kg1 Qe6 64. h6 Qe1+ 65. Kg2 Qe4+ 66.
Kh2 Qd3 67. Qg7+ Ke7 68. h7 Qd2 69. Qe5+ Kd7 70. Qf5+ Ke7 71. h8=Q Qa2 72. Qhe5+
Kf8 73. Qc8# 1-0

[Event "World Blitz Women 2025"]
[Site "Doha QAT"]
[Date "2025.12.29"]
[Round "7.9"]
[White "Gunina, Valentina"]
[Black "Ju, Wenjun"]
[Result "0-1"]
[WhiteTitle "GM"]
[BlackTitle "GM"]
[WhiteElo "2393"]
[BlackElo "2565"]
[WhiteFideId "4167570"]
[BlackFideId "8603006"]
[EventDate "2025.12.29"]

1. e4 e6 2. d4 d5 3. e5 c5 4. c3 Nc6 5. Nf3 Qb6 6. a3 Nh6 7. Bd3 Bd7 8. dxc5
Bxc5 9. O-O Ng4 10. Qe2 h5 11. b4 Be7 12. h3 Nh6 13. Bf4 Nf5 14. Nbd2 g6 15.
Rac1 Kf8 16. Bxf5 exf5 17. c4 Be6 18. c5 Qd8 19. Qe3 d4 20. Bh6+ Kg8 21. Qf4 a6
22. Rfd1 Qd7 23. Bg5 Rd8 24. Nc4 Bxg5 25. Qxg5 Bxc4 26. Rxc4 Qe6 27. Rc2 Kg7 28.
Rcd2 Rd5 29. Re1 Rhd8 30. Qg3 d3 31. Ng5 Qe7 32. e6 f4 33. Qxf4 Rxg5 34. Re3 Rf5
35. Qg3 fxe6 36. Rdxd3 Rxd3 37. Rxd3 Rf7 38. Rd6 Qf6 39. Qe3 Re7 40. f4 Qf5 41.
a4 Qb1+ 42. Kh2 Qxb4 43. f5 Qb2 44. fxe6 Qe5+ 45. Qxe5+ Nxe5 46. Kg3 Kf6 47. Rb6
Nc6 48. Kf4 g5+ 49. Kf3 Kxe6 50. h4 gxh4 51. Ke4 Rg7 52. Rb2 Rg4+ 53. Kf3 Rb4
54. Rd2 Rb3+ 55. Kf4 Rb4+ 56. Kg5 Rxa4 57. Kxh5 Rc4 58. Rb2 Rb4 59. Rd2 a5 60.
Kg5 a4 61. Rd3 Rc4 62. Kh5 Rxc5+ 63. Kxh4 b5 64. g4 Ne5 65. Re3 Rc4 66. Kh5 Rxg4
67. Rc3 Rc4 68. Rg3 b4 69. Rg8 b3 70. Rb8 Kd5 71. Kg5 Nd3 72. Kf5 b2 73. Rb5+
Kd4 0-1

[Event "World Blitz Women 2025"]
[Site "Doha QAT"]
[Date "2025.12.29"]
[Round "7.10"]
[White "Charkhalashvili, Inga"]
[Black "Lei, Tingjie"]
[Result "0-1"]
[WhiteTitle "WGM"]
[BlackTitle "GM"]
[WhiteElo "2235"]
[BlackElo "2569"]
[WhiteFideId "13601431"]
[BlackFideId "8605114"]
[EventDate "2025.12.29"]

1. d4 Nf6 2. c4 g6 3. f3 Bg7 4. e4 d6 5. Nc3 O-O 6. Be3 c5 7. dxc5 dxc5 8. Qxd8
Rxd8 9. Bxc5 Nc6 10. Nge2 Nd7 11. Be3 Nde5 12. Nf4 Nb4 13. Rc1 Bh6 14. Ncd5 Bxf4
15. Nxf4 g5 16. Bc5 Nxa2 17. Ra1 gxf4 18. Rxa2 Be6 19. b3 Nd3+ 20. Bxd3 Rxd3 21.
Kf2 Rxb3 22. Rc1 Kf8 23. Rxa7 Rb2+ 24. Kg1 Rd8 25. Ba3 Re2 26. Bb4 Rd7 27. Bc3
f6 28. c5 Kf7 29. Be1 Rb2 30. Bc3 Rb3 31. Kf2 Rc7 32. Bd2 Rb2 33. Ke1 Rd7 34. c6 0-1

[Event "World Blitz Women 2025"]
[Site "Doha QAT"]
[Date "2025.12.29"]
[Round "7.11"]
[White "Tan, Zhongyi"]
[Black "Batsiashvili, Nino"]
[Result "1-0"]
[WhiteTitle "GM"]
[BlackTitle "GM"]
[WhiteElo "2524"]
[BlackElo "2462"]
[WhiteFideId "8603642"]
[BlackFideId "13602993"]
[EventDate "2025.12.29"]

1. d4 d5 2. Bf4 Nf6 3. Nc3 a6 4. e3 h6 5. h4 Bf5 6. f3 e6 7. g4 Bh7 8. Bd3 Bxd3
9. Qxd3 c5 10. Nge2 Nc6 11. dxc5 Bxc5 12. O-O-O b5 13. Nd4 Rc8 14. Nxc6 Rxc6 15.
Kb1 Qa5 16. Be5 b4 17. Ne2 Rg8 18. g5 Nd7 19. Bg3 h5 20. g6 f6 21. Nd4 Bxd4 22.
exd4 Ke7 23. Rhe1 Rgc8 24. Re2 Nf8 25. f4 Qb5 26. Qf3 a5 27. f5 a4 28. Be1 b3
29. cxb3 axb3 30. axb3 Ra8 31. Qd3 Qb6 32. fxe6 Nxe6 33. Rc2 Rxc2 34. Qxc2 Rb8
35. b4 Ra8 36. Qb3 Qb5 37. Bc3 Qc4 38. Qxc4 dxc4 39. d5 Nf4 40. b5 Nxg6 41. b6
Rb8 42. Bd4 Ne5 43. Bc5+ Kd7 44. Rg1 g6 45. Kc2 Nd3 46. Bd4 Nf4 47. Bxf6 Rxb6
48. Bg5 Nxd5 49. Rd1 Kc6 50. Re1 Kc5 51. Re8 Rc6 52. Rg8 Kd4 53. Rd8 Ke4 54.
Re8+ Kf5 55. Rd8 Nb4+ 56. Kc3 Na2+ 57. Kd4 c3 58. bxc3 Nxc3 59. Rf8+ Kg4 60.
Rf4+ Kg3 61. Rf8 Ne2+ 62. Ke3 Re6+ 63. Kd2 Nd4 64. Kd3 Nf3 65. Bd8 Nxh4 66. Bc7+
Kh3 67. Rf1 g5 68. Rg1 Rc6 1-0

[Event "World Blitz Women 2025"]
[Site "Doha QAT"]
[Date "2025.12.29"]
[Round "7.12"]
[White "Berend, Elvira"]
[Black "Lagno, Kateryna"]
[Result "0-1"]
[WhiteTitle "WGM"]
[BlackTitle "GM"]
[WhiteElo "2265"]
[BlackElo "2508"]
[WhiteFideId "4000510"]
[BlackFideId "14109336"]
[EventDate "2025.12.29"]

1. e4 e5 2. Nf3 Nc6 3. Bc4 Nf6 4. d3 Be7 5. O-O O-O 6. Re1 d6 7. h3 Na5 8. Bb3
Nxb3 9. axb3 Re8 10. Nc3 h6 11. d4 exd4 12. Qxd4 a6 13. Bf4 Be6 14. Qd2 Bf8 15.
Nd4 Qd7 16. Rad1 Rad8 17. Bg3 c5 18. Nxe6 Rxe6 19. Bh4 g5 20. Bg3 Nh5 21. Bh2
Bg7 22. Nd5 Rde8 23. f3 Qc6 24. c3 Be5 25. Bxe5 dxe5 26. Ne3 Ng7 27. Qd7 Qb6 28.
Qd5 c4 29. Qxc4 Rc6 30. Qd5 Rc5 31. Qd6 Rc6 32. Qd7 Rc7 33. Qd2 Qxb3 34. Nd5 Rc6
35. Kh1 Qc4 36. Qe3 Rce6 37. Rd2 Qc6 38. Red1 Nh5 39. Nb4 Qc4 40. Kh2 Nf4 41. g3
Ng6 42. Nd5 Kg7 43. Nb6 Qc6 44. Nd5 Nf8 45. Qe2 Ng6 46. Ne3 Kh7 47. Nf5 Ne7 48.
Rd6 Qb5 49. Rxe6 Qxe2+ 0-1

[Event "World Blitz Women 2025"]
[Site "Doha QAT"]
[Date "2025.12.29"]
[Round "7.13"]
[White "Assaubayeva, Bibisara"]
[Black "Injac, Teodora"]
[Result "1/2-1/2"]
[WhiteTitle "GM"]
[BlackTitle "IM"]
[WhiteElo "2497"]
[BlackElo "2421"]
[WhiteFideId "13708694"]
[BlackFideId "932400"]
[EventDate "2025.12.29"]

1. Nf3 d5 2. c4 e6 3. g3 Nf6 4. Bg2 Be7 5. O-O O-O 6. b3 d4 7. e3 c5 8. exd4
cxd4 9. d3 Nc6 10. Re1 Re8 11. Bb2 Bc5 12. Ne5 Nxe5 13. Rxe5 Qc7 14. Re1 e5 15.
a3 a5 16. Nd2 Bg4 17. Qc2 Rad8 18. Ne4 Nxe4 19. Bxe4 h6 20. Bg2 Qc8 21. Qd2 b6
22. b4 axb4 23. axb4 Bf8 24. Ra7 Bh3 25. Be4 Bf5 26. Bd5 Be6 27. Ra8 Qc7 28.
Rxd8 Rxd8 29. Bxe6 fxe6 30. b5 Ra8 31. Qd1 Bd6 32. Qg4 Qf7 33. Bc1 Ra1 34. Bd2
Rxe1+ 35. Bxe1 Qf5 36. Qe2 Kf7 37. f3 h5 38. Kg2 g6 39. Qe4 Qxe4 40. fxe4 Bc5
41. Bd2 Kf6 42. h4 Kf7 43. Kf3 Be7 44. Be1 Bd8 45. Bb4 Be7 46. Bd2 Bd8 47. Bb4
Be7 48. Be1 Bd8 49. g4 Be7 50. g5 Bd6 51. Bd2 Ke7 52. Be1 1/2-1/2

[Event "World Blitz Women 2025"]
[Site "Doha QAT"]
[Date "2025.12.29"]
[Round "7.14"]
[White "Balajayeva, Khanim"]
[Black "Garifullina, Leya"]
[Result "1/2-1/2"]
[WhiteTitle "IM"]
[BlackTitle "IM"]
[WhiteElo "2351"]
[BlackElo "2454"]
[WhiteFideId "13406396"]
[BlackFideId "34127035"]
[EventDate "2025.12.29"]

1. e4 c5 2. Nf3 d6 3. Bb5+ Nd7 4. a4 Nf6 5. Nc3 g6 6. O-O Bg7 7. Re1 O-O 8. a5
a6 9. Bf1 b5 10. axb6 Bb7 11. Ra2 a5 12. b3 Nxb6 13. Bb2 Bc6 14. Qa1 a4 15. bxa4
Ra5 16. Bb5 Qc7 17. Bxc6 Qxc6 18. Nd5 Nbxd5 19. exd5 Qd7 20. Bc3 Ra6 21. a5 Rfa8
22. Rb2 Nh5 23. Bxg7 Nxg7 24. Qb1 Nf5 25. Rb8+ Kg7 26. Qb2+ f6 27. Rb7 Qa4 28.
h3 Qf4 29. Nh2 R8a7 30. Rxa7 Rxa7 31. Qb6 Qxd2 32. Ra1 Ra8 33. a6 Qd4 34. Qb1
Qxd5 35. Nf3 Qc6 36. Qa2 h5 37. Nd2 Ra7 38. Nc4 Nd4 39. c3 Nf5 40. Qa5 Nh4 41.
f3 Qd5 42. Qb6 Ra8 43. a7 Qxc4 44. Qb7 Rxa7 45. Rxa7 Nf5 46. Qe4 Qxc3 47. g4
Qc1+ 48. Kh2 Qd2+ 49. Kg1 Qd4+ 50. Qxd4 Nxd4 51. Rxe7+ Kf8 52. Rd7 Nxf3+ 53. Kg2
hxg4 54. hxg4 Ne5 55. Rxd6 Ke7 56. Rd5 Nxg4 57. Rxc5 Ne5 58. Kg3 Ke6 59. Ra5 Kf5
60. Ra4 g5 61. Rb4 Kg6 62. Rb6 Nc4 63. Rc6 Ne3 64. Ra6 Nf5+ 65. Kg4 Nh6+ 66. Kg3
Ng8 67. Kg4 Ne7 68. Rb6 Nd5 69. Ra6 Ne3+ 70. Kf3 Nc4 71. Kg3 Ne5 72. Rb6 Kf5 73.
Rb5 g4 74. Rb4 Kg5 75. Rb5 Kf5 76. Rb4 Kg5 77. Rb5 Kf5 1/2-1/2

[Event "World Blitz Women 2025"]
[Site "Doha QAT"]
[Date "2025.12.29"]
[Round "7.15"]
[White "Toncheva, Nadya"]
[Black "Shuvalova, Polina"]
[Result "1-0"]
[WhiteTitle "FM"]
[BlackTitle "IM"]
[WhiteElo "2362"]
[BlackElo "2502"]
[WhiteFideId "2924056"]
[BlackFideId "24171760"]
[EventDate "2025.12.29"]

1. e4 c6 2. d4 d5 3. Nc3 dxe4 4. Nxe4 Nf6 5. Nxf6+ exf6 6. c3 Bd6 7. Bd3 O-O 8.
Ne2 Re8 9. O-O Nd7 10. Ng3 Nf8 11. f4 Qc7 12. f5 Bxg3 13. hxg3 Kh8 14. Bf4 Qb6
15. Qb3 Qxb3 16. axb3 Bd7 17. Kf2 h6 18. Rfe1 Kh7 19. Rxe8 Bxe8 20. Re1 Nd7 21.
Re7 Kg8 22. Bc4 b5 23. Be2 Nb6 24. Bf3 Bd7 25. g4 Re8 26. Rxe8+ Bxe8 27. Bb8 a6
28. Ke3 Bd7 29. Kd3 g6 30. Be4 Kf8 31. fxg6 fxg6 32. Bxg6 Bxg4 33. c4 Ke7 34.
Bc7 Nd7 35. Be4 c5 36. Bb7 cxd4 37. Kxd4 bxc4 38. bxc4 h5 39. Bxa6 f5 40. b4 Be2
41. b5 Nf6 42. b6 Kd7 43. Bb5+ Kc8 44. Bc6 Nd7 45. c5 Ba6 46. Bf4 Bb7 47. Bxb7+
Kxb7 48. Kd5 Nf6+ 49. Ke6 Ne4 50. Bd6 f4 51. Kd5 Nc3+ 52. Ke5 Ne2 53. Kf5 Kc6
54. Bxf4 Nd4+ 55. Ke4 Ne6 56. Be3 Ng7 57. Kf4 Ne6+ 58. Kf5 Nd8 59. Kg5 Kd5 60.
Kxh5 Ke4 61. Bg5 Nc6 62. g4 Kd4 63. b7 Kxc5 64. Bf4 Kd5 1-0

[Event "World Blitz Women 2025"]
[Site "Doha QAT"]
[Date "2025.12.29"]
[Round "7.16"]
[White "Divya, Deshmukh"]
[Black "Cori T., Deysi"]
[Result "1-0"]
[WhiteTitle "GM"]
[BlackTitle "IM"]
[WhiteElo "2497"]
[BlackElo "2349"]
[WhiteFideId "35006916"]
[BlackFideId "3801934"]
[EventDate "2025.12.29"]

1. e4 e6 2. Qe2 Nc6 3. Nf3 e5 4. g3 Nf6 5. Bg2 Bc5 6. d3 O-O 7. O-O h6 8. h3 a5
9. c4 d6 10. Nc3 Be6 11. Kh2 Nh7 12. Nd2 Nd4 13. Qd1 c6 14. f4 exf4 15. gxf4 f5
16. exf5 Bxf5 17. Nde4 Qh4 18. Be3 Rad8 19. Qd2 Rfe8 20. Bf2 Qe7 21. Rae1 Qf7
22. Ng3 Rxe1 23. Rxe1 Ne6 24. Bxc5 dxc5 25. Re5 Bxd3 26. f5 Bxf5 27. Qe3 Nd4 28.
Rxc5 b6 29. Re5 Ng5 30. Nce2 Nxe2 31. Rxf5 Qxc4 1-0

[Event "World Blitz Women 2025"]
[Site "Doha QAT"]
[Date "2025.12.29"]
[Round "7.17"]
[White "Badelka, Olga"]
[Black "Song, Yuxin"]
[Result "1/2-1/2"]
[WhiteTitle "IM"]
[BlackTitle "IM"]
[WhiteElo "2395"]
[BlackElo "2454"]
[WhiteFideId "13509926"]
[BlackFideId "8614300"]
[EventDate "2025.12.29"]

1. d4 Nf6 2. Nf3 b6 3. e3 Bb7 4. Bd3 g6 5. c4 Bg7 6. O-O O-O 7. Nc3 d5 8. cxd5
Nxd5 9. e4 Nxc3 10. bxc3 c5 11. Be3 cxd4 12. cxd4 Nc6 13. d5 Ne5 14. Nxe5 Bxe5
15. Rc1 Rc8 16. f4 Bg7 17. Be2 Rxc1 18. Qxc1 Qc8 19. Bf3 Qxc1 20. Rxc1 Rc8 21.
Rxc8+ Bxc8 22. e5 Kf8 23. Kf2 Ke8 24. Ke2 Kd8 25. Kd3 Ba6+ 26. Kd4 Kc7 27. Bd2
h5 28. Bb4 Kd7 29. Bd1 Bb5 30. a4 Bf1 31. g4 hxg4 32. Bxg4+ e6 33. d6 a5 34. Bd2
Bg2 35. h4 Bc6 36. Bd1 Bh6 37. h5 b5 38. axb5 Bxb5 39. hxg6 fxg6 40. Bb3 a4 41.
Ba2 Bc6 42. Kc5 Bg7 43. Kb4 g5 44. fxg5 Bxe5 45. g6 Bxd6+ 46. Ka5 Bc7+ 47. Kb4
Bd6+ 48. Ka5 Bc7+ 49. Kb4 1/2-1/2

[Event "World Blitz Women 2025"]
[Site "Doha QAT"]
[Date "2025.12.29"]
[Round "7.18"]
[White "Khademalsharieh, Sarasadat"]
[Black "Iudina, Veronika"]
[Result "1/2-1/2"]
[WhiteTitle "IM"]
[BlackTitle "WFM"]
[WhiteElo "2414"]
[BlackElo "2204"]
[WhiteFideId "12512214"]
[BlackFideId "24277916"]
[EventDate "2025.12.29"]

1. d4 Nf6 2. g3 e6 3. Nf3 d5 4. Bg2 h6 5. O-O Bd6 6. c4 O-O 7. c5 Be7 8. Nc3 b6
9. cxb6 axb6 10. Bf4 Ba6 11. Rc1 Nbd7 12. Re1 Rc8 13. Qa4 Bb7 14. Nb5 c5 15. Nd6
Bc6 16. Qc2 Ra8 17. Ne5 Bxd6 18. Nxc6 Qc7 19. Ne5 Nxe5 20. dxe5 Bxe5 21. Bxe5
Qxe5 22. a3 Rac8 23. Qb3 Rb8 24. Qb5 Ne4 25. Bxe4 Qxe4 26. Red1 h5 27. h4 Rfd8
28. Rd2 d4 29. b4 cxb4 30. axb4 e5 31. Qd3 Qg4 32. Qf3 Qxf3 33. exf3 Rd5 34. Rc6
Rb5 35. f4 f6 36. fxe5 fxe5 37. Ra2 Rxb4 38. Ra7 d3 39. Rg6 Rg4 40. Rd6 e4 41.
Kg2 b5 42. Rdd7 b4 43. Rab7 Rf8 44. Rxb4 e3 45. Rxg4 Rxf2+ 46. Kg1 hxg4 47. Rxd3
Rf3 48. Kg2 Kh7 49. Rd4 Rf2+ 50. Kg1 Ra2 51. Kf1 Rf2+ 52. Kg1 Ra2 1/2-1/2

[Event "World Blitz Women 2025"]
[Site "Doha QAT"]
[Date "2025.12.29"]
[Round "7.19"]
[White "Nguyen Hong Nhung"]
[Black "Salimova, Nurgyul"]
[Result "0-1"]
[WhiteTitle "FM"]
[BlackTitle "IM"]
[WhiteElo "2268"]
[BlackElo "2396"]
[WhiteFideId "12412201"]
[BlackFideId "2915138"]
[EventDate "2025.12.29"]

1. e4 e5 2. Nf3 Nc6 3. d4 exd4 4. Bc4 Nf6 5. O-O Nxe4 6. Re1 d5 7. Bxd5 Qxd5 8.
Nc3 Qa5 9. Nxe4 Be6 10. Bd2 Qd5 11. Bg5 Be7 12. Bxe7 Nxe7 13. Nxd4 O-O-O 14.
Nxe6 Qxe6 15. Qf3 Qf5 16. Qa3 Nc6 17. Qc3 f6 18. h3 Rhe8 19. Ng3 Qd5 20. a3 h5
21. Nf1 Nd4 22. Kh1 Nf5 23. Ne3 Qe5 24. Nxf5 Qxf5 25. Kg1 a6 26. Qg3 g5 27. Qc3
g4 28. hxg4 hxg4 29. Rad1 Rxd1 30. Rxd1 Qh5 31. Qg3 Rh8 32. Kf1 Qh1+ 33. Ke2
Re8+ 34. Kd2 Rd8+ 35. Qd3 Rxd3+ 36. cxd3 Qxg2 37. Ke2 Qf3+ 38. Ke1 f5 39. Rd2 f4
40. d4 g3 41. fxg3 fxg3 42. d5 g2 0-1

[Event "World Blitz Women 2025"]
[Site "Doha QAT"]
[Date "2025.12.29"]
[Round "7.20"]
[White "Mungunzul, Bat-Erdene"]
[Black "Khalilova, Madinabonu"]
[Result "1-0"]
[WhiteTitle "WIM"]
[BlackTitle "WCM"]
[WhiteElo "2350"]
[BlackElo "2241"]
[WhiteFideId "4902831"]
[BlackFideId "14223422"]
[EventDate "2025.12.29"]

1. d4 Nf6 2. c4 g6 3. Nc3 d5 4. Nf3 Bg7 5. h4 dxc4 6. e4 c5 7. d5 b5 8. h5 Nxh5
9. Nxb5 a6 10. Nc3 e6 11. Bxc4 exd5 12. Bxd5 Ra7 13. Be3 Qb6 14. O-O Nd7 15. Na4
Qc7 16. Rc1 O-O 17. Nxc5 Nxc5 18. Bxc5 Qb8 19. Bxf8 Bxf8 20. Qb3 Qxb3 21. axb3
Bd7 22. Ne5 Be6 23. Rc8 Kg7 24. Bxe6 fxe6 25. Rd1 Nf6 26. f3 a5 27. g4 Rb7 28.
g5 Nh5 29. Rd7+ Rxd7 30. Nxd7 Bb4 31. Rc7 Kg8 32. Nf6+ Nxf6 33. gxf6 Bd6 34.
Rg7+ Kf8 35. Rxh7 Be5 36. Kg2 Bxf6 37. Ra7 Bxb2 38. Rxa5 e5 39. Rd5 Kf7 40. b4
Ke6 41. b5 Ba3 42. b6 Bd6 43. b7 Bc7 44. Kg3 Ke7 45. Kg4 Ke6 46. Kg5 1-0

[Event "World Blitz Women 2025"]
[Site "Doha QAT"]
[Date "2025.12.29"]
[Round "7.21"]
[White "Gong, Qianyun"]
[Black "Maltsevskaya, Aleksandra"]
[Result "1-0"]
[WhiteTitle "WGM"]
[BlackTitle "IM"]
[WhiteElo "2228"]
[BlackElo "2398"]
[WhiteFideId "8602425"]
[BlackFideId "24174041"]
[EventDate "2025.12.29"]

1. e4 c5 2. Nf3 e6 3. c3 d5 4. exd5 exd5 5. d4 Bd6 6. Bb5+ Nc6 7. O-O Ne7 8.
dxc5 Bxc5 9. Re1 O-O 10. Bd3 Bg4 11. Bg5 h6 12. Bh4 Qb6 13. b4 Bd6 14. h3 Bf5
15. b5 g5 16. bxc6 gxh4 17. cxb7 Rae8 18. Rxe7 Rxe7 19. Bxf5 Bg3 20. Nd4 Rfe8
21. Qg4+ Kh8 22. fxg3 Re1+ 23. Kh2 Rg8 24. Qxh4 Qd6 25. Nf3 Rd1 26. Bc8 Re8 27.
b8=Q Qxb8 28. Qxh6+ Kg8 29. Bf5 Qb6 30. Bh7+ Kh8 31. Bg6+ 1-0